00445nam a2200181 a 4500001001300000003000900013005001700022008004100039020001000080082001300090100002000103245003100123260003500154300000900189500003500198505001000233700002000243nice12345678IN_TiNIC20260116015221.0050524s0000 lona grp 000 0 eng  ac10000a201bDOB aDobbie, William aActive Service With Christ aLondonbMarshal Brothersc0000 a104p aincludes index and biblioraphy2 aNotes1 aDobbie, William